Statistics for NBA All-Pacific Division Team

Click here to take the quiz!

General Stats

  • This quiz has been taken 16 times
  • The average score is 13 of 15

Answer Stats

Roster Position Player NBA Team % Correct
StarterPoint GuardStephen CurryGolden State Warriors
100%
StarterShooting GuardKlay ThompsonGolden State Warriors
100%
StarterPower ForwardDraymond GreenGolden State Warriors
100%
3rd StringPower ForwardBlake GriffinLos Angeles Clippers
100%
StarterSmall ForwardKobe BryantLos Angeles Lakers
93%
StarterCenterDeMarcus CousinsSacramento Kings
93%
BackupPoint GuardChris PaulLos Angeles Clippers
93%
BackupShooting GuardJ.J. ReddickLos Angeles Clippers
93%
BackupCenterDeAndre JordanLos Angeles Clippers
93%
3rd StringPoint GuardRajon RondoSacramento Kings
93%
BackupSmall ForwardRudy GaySacramento Kings
87%
3rd StringCenterRoy HibbertLos Angeles Lakers
80%
BackupPower ForwardJulius RandleLos Angeles Lakers
73%
3rd StringSmall ForwardDevin BookerPhoenix Suns
67%
3rd StringShooting GuardLouis WilliamsLos Angeles Lakers
47%

Score Distribution

Percentile by Number Answered

Percent of People with Each Score

Your Score History

You have not taken this quiz